LEADER 01052nam0-22002771i-450- 001 990000121260403321 035 $a000012126 035 $aFED01000012126 035 $a(Aleph)000012126FED01 035 $a000012126 100 $a20011111d--------km-y0itay50------ba 101 0 $aita 105 $ay-------001yy 200 1 $a<>ITALIA in esilio$el'emigrazione italiana in Francia tra le due guerre = l'Italia en exil$el'émigration italianneen France entre les deux guerres$f Archivio centrale sur l'émigration italianne, Paris, Centro studi Pietro Gobetti, Torino, Istituto italiano di cultura, Paris. 210 $aRoma$cPresidenza del Consiglio dei ministri. Dipartimento per l'informazione e l'editoria$d<1984?> 215 $a605 p.$cill.$d24 cm 610 0 $aEmigrati politici$aSec. XX 676 $a945.091 5 801 0$aIT$bUNINA$gRICA$2UNIMARC 901 $aBK 912 $a990000121260403321 952 $a13 L 43 01$b7444$fFINBC 959 $aFINBC 996 $aITALIA in esilio$9114824 997 $aUNINA DB $aING01